مصطلحات علمية : (رقم التسجيلة. 51102)

تفاصيل مارك
000 -LEADER
fixed length control field 00713nam a22001697a 4500
005 - DATE AND TIME OF LATEST TRANSACTION
control field 20251108170856.0
008 - FIXED-LENGTH DATA ELEMENTS--GENERAL INFORMATION
fixed length control field 250721s1982 xx 000 0 ara d
082 14 - DEWEY DECIMAL CLASSIFICATION NUMBER
Classification number م/603/مجم
245 10 - TITLE STATEMENT
Title مصطلحات علمية :
Remainder of title الفيزياء - علم الأحياء - الهندسة المدنية - الري و البزل - علم الغابات - علم النفس و الأمراض العقلية : إنجليزي - عربي /
264 1# - PRODUCTION, PUBLICATION, DISTRIBUTION, MANUFACTURE, AND COPYRIGHT NOTICE
Place of production, publication, distribution, manufacture بغداد :
Name of producer, publisher, distributor, manufacturer المجمع،
Date of production, publication, distribution, manufacture, or copyright notice 1982.
300 ## - PHYSICAL DESCRIPTION
Extent 240ص
650 17 - SUBJECT ADDED ENTRY--TOPICAL TERM
Topical term or geographic name as entry element المعاجم اللغوية
650 17 - SUBJECT ADDED ENTRY--TOPICAL TERM
Topical term or geographic name as entry element المعاجم التكنولوجية
710 2# - ADDED ENTRY--CORPORATE NAME
Corporate name or jurisdiction name as entry element المجمع العلمي العراقي ( بغداد )
942 ## - ADDED ENTRY ELEMENTS (KOHA)
Source of classification or shelving scheme Dewey Decimal Classification
Koha item type مراجع
المقتنيات
حالة السحب حالة الفقدان مصدر التصنيف حالة التلف غير قابل للإعارة المكتبة الرئيسية المكتبة الحالية موقع الرف تاريخ التزويد الرقم المتسلسل Total Checkouts رقم الإستدعاء الباركود تاريخ آخر ظهور تاريخ الفاتورة نوع المادة (كوها)
    Dewey Decimal Classification   Not For Loan مكتبة الأميرة ايمان العامة مكتبة الأميرة ايمان العامة مراجع 21/10/2013 [1588]   م/603/مجم PLD00283408 28/07/2025 21/10/2013 مراجع
Implemented & Customized by: BBB with SCIT (Smart Chains for Information Technology)

Powered by Koha